书目信息 |
| 题名: |
第一国际巴塞尔代表大会
|
|
| 作者: | 阿多拉茨基 , Адоратский 主编 ;张文焕 译 ;巴塞尔代表大会 | |
| 分册: | ||
| 出版信息: | 北京 中国人民大学出版社 1983 |
|
| 页数: | 180页 | |
| 开本: | 21cm | |
| 丛书名: | ||
| 单 册: | ||
| 中图分类: | D125 | |
| 科图分类: | ||
| 主题词: | ||
| 电子资源: | ||
| ISBN: | ||
| 000 | 01161nam0 2200301 45 | |
| 001 | 0183005547 | |
| 005 | 20040427150710.2 | |
| 010 | @dCNY0.63 | |
| 091 | @a3011.171 | |
| 100 | @a19951001d1983 emky0chiy0121 ea | |
| 101 | 1 | @achi@crus |
| 102 | @aCN@b110000 | |
| 105 | @ay z 100yy | |
| 106 | @ar | |
| 200 | 10 | @a第一国际巴塞尔代表大会@Adi yi guo ji ba sai er dai biao da hui@e文件资料@f(苏)弗·阿多拉茨基(В.Адоратский)主编@g张文焕译 |
| 210 | @a北京@c中国人民大学出版社@d1983 | |
| 215 | @a180页@d21cm | |
| 300 | @a书名原文:Базельский коцгресс первого интернационала 6-11 сентября 1869 | |
| 510 | 1 | @aБазельский коцгресс первого интернационала 6-11 сентября 1869@zrus |
| 601 | 12 | @a巴塞尔代表大会(1869)@x会议资料 |
| 690 | @aD125@v3 | |
| 701 | 1 | @a阿多拉茨基@Aa duo la ci ji@bВ.@4主编 |
| 701 | A1 | @aАдоратский@bВ.@4主编 |
| 702 | 0 | @a张文焕@Azhang wen huan@4译 |
| 711 | 12 | @a巴塞尔代表大会@Aba sai er dai biao da hui@f1869 |
| 801 | 0 | @aCN@b上海图书馆@c20040427 |
| 801 | 2 | @aCN@bNLC@c20040427 |
| 905 | @f3@b115175-177@dD125@e5 | |
| 第一国际巴塞尔代表大会:文件资料/(苏)弗·阿多拉茨基(В.Адоратский)主编/张文焕译.-北京:中国人民大学出版社,1983 |
| 180页;21cm |
| 书名原文:Базельский коцгресс первого интернационала 6-11 сентября 1869 |
| ISBN :CNY0.63 |
| ● |
| 相关链接 |
|
|
|
|
正题名:第一国际巴塞尔代表大会
索取号:D125/5
 
预约/预借
| 序号 | 登录号 | 条形码 | 馆藏地/架位号 | 状态 | 备注 |
| 1 | 0105548 | 001744483 | 密集书库/ [索取号:D125/5] | 在馆 | |
| 2 | 0105549 | 001744526 | 密集书库/ [索取号:D125/5] | 在馆 | |
| 3 | 0105550 | 001744562 | 密集书库/ [索取号:D125/5] | 在馆 | |
| 4 | 0115175 | 001011416 | 第一借阅区/ [索取号:D125/5] | 在馆 | |
| 5 | 0115176 | 001011407 | 密集书库/ [索取号:D125/5] | 在馆 | |
| 6 | 0115177 | 001009642 | 密集书库/ [索取号:D125/5] | 在馆 |